000 00671nam a2200265Ia 4500
008 190123s9999 xx 000 0 und d
020 _a9780531147573
050 _bV458 2008
100 _aVenezia, Mike
245 0 _aFaith Ringgold /
245 0 _cby Mike Venezia.
260 _aNew York, New York :
260 _bScholastic,
260 _c2008
300 _a32 pages :
300 _bcolored illustrations ;
300 _c24cm.
440 _aGetting to know the world's greatest artists.
500 _a920L
650 _aArtists --
650 _aRinggold, Faith.
650 _xUnited States -- Biography.
700 _aSeries.
700 _aTitle.
999 _c361211
_d361211